000
00282nam a2200109Ia 4500
008
230907s9999||||xx |||||||||||||| ||und||
082
_a
333.79323
_b
MUR
245
0
_a
Power markets and economics:
260
_a
New York :
_b
John Wiley,
_c
2009
300
_a
xvii, 307 p. :
942
_c
BK
999
_c
597537
_d
597537